000
00316nam a22001337a 4500
020
_a
9781444936391
040
_c
NUST
082
_a
823-CH BLY
100
_a
Blyton, Enid
240
_a
The Famous Five
245
_a
Five Fall Into Adventure
260
_a
LONDON:
_b
Hodder Children,s Book
_c
1997.
942
_2
ddc
_c
BK
999
_c
593628
_d
593628